Ελληνικό ροκ : ιστορία της νεανικής κουλτούρας από τη γενιά του χάους μέχρι τον θάνατο του Παύλου Σιδηρόπουλου
Αποθηκεύτηκε σε:
| Κύριος συγγραφέας: | |
|---|---|
| Μορφή: | Βιβλίο |
| Γλώσσα: | Greek |
| Δημοσίευση: |
Αθήνα :
Άγκυρα,
2006.
|
| Θέματα: | |
| Ετικέτες: |
Προσθήκη ετικέτας
Δεν υπάρχουν, Καταχωρήστε ετικέτα πρώτοι!
|
MARC
| LEADER | 00000cam a2200000 i 4500 | ||
|---|---|---|---|
| 001 | 1/45381 | ||
| 008 | 070604s2006 gr | ||| |||| ||gre|| | ||
| 020 | |a 9604223860 | ||
| 035 | |l 10088104 | ||
| 040 | |a GR-MY-UA |b gre |e aacr | ||
| 041 | 0 | |a gre | |
| 082 | 7 | |a 781.6609495 |2 (22) | |
| 100 | 1 | |a Νταλούκας, Μανώλης. | |
| 245 | 1 | 0 | |a Ελληνικό ροκ : |b ιστορία της νεανικής κουλτούρας από τη γενιά του χάους μέχρι τον θάνατο του Παύλου Σιδηρόπουλου / |c Μανώλης Νταλούκας. |
| 260 | |a Αθήνα : |b Άγκυρα, |c 2006. | ||
| 300 | |a 404 σ. : |b εγχρ. εικ., φωτ. ; |c 25 εκ. | ||
| 504 | |a Περιέχει ευρετήριο. | ||
| 650 | 0 | 0 | |a Rock music |x Social aspects. |
| 650 | 0 | 0 | |a Rock music |z Greece. |
| 650 | 0 | 0 | |a Rock music |z Greece |x History. |
| 650 | 0 | 0 | |a Youth |z Greece |x Political activity |x History. |
| 651 | 0 | |a Greece |x Social conditions |y 20th century. | |
| 852 | |a INST |b LESVOS |e 20070604 |h 781.6609495 ΝΤΑ |p 005100038539 |q 005100038539 |t BK |y 0 | ||
| 901 | |a BIBL1-2007-2 | ||
| 909 | |a Λ |b 135098 | ||
| 922 | |a 1ΕΛΗ |b 200705 |c ΕΠΕΑΕΚ2/ΤΚΑ |d Σ. ΠΑΤΑΚΗΣ | ||
| 970 | |a ΧΑΤΖΗΜΙΧΑΗΛ |b ΜΑΡΙΑ |z 2007/06/04 | ||